Loading...
| History - American History | 3 | 4 | 1 | 0 | 80 | 23 | 65.71 | 5 | 7 |
| History - World History | 3 | 2 | 2 | 0 | 55 | 39 | 64.20 | 4 | 5 |
| Social Science | 0 | 4 | 0 | 0 | 40 | 89 | 96.00 | 3 | 3 |
| History - Other History | 0 | 4 | 0 | 0 | 40 | 78 | 91.50 | 2 | 4 |
| Philosophy | 1 | 2 | 0 | 0 | 35 | 73 | 98.00 | 3 | 3 |
| History - European History | 1 | 3 | 3 | 0 | 30 | 56 | 77.25 | 2 | 4 |
| Literature - World Literature | 0 | 2 | 0 | 0 | 20 | 140 | 141.50 | 1 | 2 |
| Geography | 0 | 2 | 0 | 1 | 20 | 93 | 103.00 | 0 | 2 |
| Literature - British Literature | 1 | 0 | 0 | 0 | 15 | 66 | 66.00 | 1 | 1 |
| Literature - European Literature | 0 | 1 | 0 | 0 | 10 | 99 | 99.00 | 0 | 1 |
| Current Events | 0 | 1 | 0 | 0 | 10 | 82 | 82.00 | 1 | 1 |
| Fine Arts - Other Arts | 0 | 1 | 0 | 0 | 10 | 75 | 75.00 | 1 | 1 |
| Science - Other Science | 0 | 1 | 0 | 0 | 10 | 75 | 75.00 | 0 | 1 |
| Beliefs | 0 | 1 | 2 | 0 | 0 | 123 | 123.00 | 0 | 1 |
| History - Ancient History | 0 | 0 | 1 | 0 | -5 | 0.00 | 0 | 0 | |
| Other Academic | 0 | 0 | 1 | 0 | -5 | 0.00 | 0 | 0 |